[Event "AUT-chT3 9798"]
[Site "Vorarlberg "]
[Date "1998.02.13"]
[Round "8"]
[White "Mittelberger, Hermann"]
[Black "Christen, Markus"]
[Result "1-0"]
[WhiteElo "1881"]
[BlackElo "1996"]
[PlyCount "83"]
[EventDate "1997.??.??"]
[EventType "team-tourn"]
[EventRounds "9"]
[EventCountry "AUT"]
[SourceTitle "EXT 1999"]
[Source "ChessBase"]
[SourceDate "1998.11.16"]
[SourceVersion "1"]
[SourceVersionDate "1998.11.16"]
[SourceQuality "1"]

1. Nf3 g6 2. d4 Nf6 3. c4 Bg7 4. Nc3 d6 5. e3 0-0 6. Be2 Nbd7 7. 0-0 e5 8. d5 e4 9. Nd2 Re8 10. Qc2 Qe7 11. b4 a5 12. bxa5 Rxa5 13. Nb3 Ra8 14. Bb2 Ne5 15. Nd4 Neg4 16. h3 Nh6 17. a4 Nd7 18. Nb3 f5 19. Nb5 Ne5 20. N5d4 g5 21. c5 g4 22. cxd6 cxd6 23. hxg4 Nhxg4 24. g3 Bh6 25. Qd2 Qf7 26. Kg2 Qxd5 27. Rfd1 Nd3 28. Bxg4 fxg4 29. Nc1 Bd7 30. a5 Rac8 31. Kg1 Nxb2 32. Qxb2 Rc7 33. Nce2 Rec8 34. a6 bxa6 35. Rxa6 Rc2 36. Qa3 R8c5 37. Rb1 Rxe2 38. Nxe2 Qd3 39. Qa2+ Kf8 40. Nd4 Bg7 41. Rxd6 Rc2 42. Qxc2 1-0

[Event "AUT-chT3 9798"]
[Site "Vorarlberg "]
[Date "1998.01.09"]
[Round "6"]
[White "Mittelberger, Hermann"]
[Black "Hutter, Herbert"]
[Result "1/2-1/2"]
[WhiteElo "1881"]
[BlackElo "1669"]
[PlyCount "46"]
[EventDate "1997.??.??"]
[EventType "team-tourn"]
[EventRounds "9"]
[EventCountry "AUT"]
[SourceTitle "EXT 1999"]
[Source "ChessBase"]
[SourceDate "1998.11.16"]
[SourceVersion "1"]
[SourceVersionDate "1998.11.16"]
[SourceQuality "1"]

1. Nf3 d5 2. c4 e6 3. b3 Nf6 4. Bb2 Be7 5. e3 b6 6. d4 Bb7 7. Bd3 Nbd7 8. 0-0 0-0 9. Nbd2 c5 10. Qe2 Bd6 11. Rfd1 Ne4 12. Ne5 f5 13. Ndf3 Bxe5 14. Nxe5 Nxe5 15. dxe5 Qh4 16. g3 Qh3 17. Qf1 Qxf1+ 18. Bxf1 Ng5 19. Bg2 Rfd8 20. f4 Ne4 21. Bxe4 dxe4 22. Rd6 Kf7 23. Rad1 Ke7 1/2-1/2